Todos nacemos libres : (Registro nro. 58861)
[ vista simple ]
| 000 -CABECERA | |
|---|---|
| Longitud fija campo de control | 02842nam a2200685 c 4500 |
| 003 - • IDENTIFICADOR DELl NÚMERO DE CONTROL | |
| Identificador del número de control | CO-BoRNBP |
| 005 - • FECHA Y HORA DE LA ÚLTIMA TRANSACCIÓN | |
| Fecha y hora de la última transacción | 20250828193820.0 |
| 007 - • CAMPO FIJO DE DESCRIPCIÓN FÍSICA | |
| Campo fijo de descripción física | ta |
| 008 - • CÓDIGOS DE INFORMACIÓN DE LONGITUD FIJA | |
| Códigos de información de longitud fija | 210713r20082014ck a br 000 0 spa d |
| 020 ## - • NÚMERO INTERNACIONAL NORMALIZADO PARA LIBROS | |
| Número Internacional Normalizado para Libros (ISBN) | 9788498672534 |
| Información calificativa | edición española |
| 020 ## - • NÚMERO INTERNACIONAL NORMALIZADO PARA LIBROS | |
| Número Internacional Normalizado para Libros (ISBN) | 9789581414178 |
| 040 ## - FUENTE DE LA CATALOGACIÓN | |
| Centro catalogador de origen | CO-BoRNBP |
| Lengua de catalogación | spa |
| Normas de descripción | rda |
| Centro transcriptor | CO-BoRNBP |
| 041 1# - • CÓDIGO DE LENGUA | |
| Código de lengua del texto/banda sonora o título independiente | spa |
| Código de lengua original | eng |
| 082 04 - • NÚMERO DE LA CLASIFICACIÓN DECIMAL DEWEY | |
| Número de clasificación (R) | 323.4 |
| Número del ítem | T62 |
| Número de edición | 22 |
| 110 2# - • PUNTO DE ACCESO PRINCIPAL-NOMBRE DE ENTIDAD CORPORATIVA | |
| Nombre de entidad corporativa o nombre de jurisdicción como elemento inicial | Amnistía International |
| 245 10 - • TITULO PROPIAMENTE DICHO | |
| Título | Todos nacemos libres : |
| Resto del título | la Declaración Universal de los Derechos Humanos ilustrada / |
| Mención de responsabilidad, etc. | texto simplificado por Amnistía International ; ilustrado por John Burningham... [y otros veintinueve]. |
| 250 ## - • MENCIÓN DE EDICIÓN | |
| Mención de edición | Primera edición. |
| Resto de la mención de edición | Quinta reimpresión |
| 264 #1 - PRODUCCIÓN, PUBLICACIÓN , DISTRIBUCIÓN, FABRICACIÓN Y COPYRIGHT | |
| Lugar de producción, publicación, distribución, fabricación | Bogotá, Colombia : |
| Nombre del productor, editor, distribuidor, fabricante | Amnistía Internacional, |
| Fecha de de producción, publicación, distribución, fabricación o copyright | 2014 |
| 300 ## - • DESCRIPCIÓN FÍSICA | |
| Extensión | 63 páginas : |
| Otras características físicas | ilustraciones a color |
| 336 ## - TIPO DE CONTENIDO | |
| Término de tipo de contenido | texto |
| Código de tipo de contenido | txt |
| Fuente | rdacontent |
| 337 ## - TIPO DE MEDIO | |
| Nombre del tipo de medio | sin mediación |
| Código del tipo de medio | n |
| Fuente | rdamedia |
| 338 ## - TIPO DE SOPORTE | |
| Nombre del tipo de soporte | volumen |
| Código del tipo de soporte | nc |
| Fuente | rdacarrier |
| 521 1# - • NOTA DE PÚBLICO DESTINATARIO | |
| Nota público destinatario (R ) | Recomendado para un público infantil mayor de 8 años |
| 534 ## - • Nota De Versión Original | |
| Título | We are all born free |
| 650 07 - • PUNTO DE ACCESO ADICIONAL DE MATERIA - TÉRMINO DE MATERIA | |
| Término de materia o nombre geográfico como elemento inicial | Libertades civiles |
| Subdivisión de materia general | Enseñanza |
| -- | Literatura infantil |
| Fuente del encabezamiento o término | lemb |
| 650 07 - • PUNTO DE ACCESO ADICIONAL DE MATERIA - TÉRMINO DE MATERIA | |
| Término de materia o nombre geográfico como elemento inicial | Niños |
| Subdivisión de materia general | Derechos civiles |
| -- | Enseñanza |
| Fuente del encabezamiento o término | LEMB |
| 650 00 - • PUNTO DE ACCESO ADICIONAL DE MATERIA - TÉRMINO DE MATERIA | |
| Término de materia o nombre geográfico como elemento inicial | Derechos humanos |
| Subdivisión de materia general | Enseñanza |
| -- | Literatura infantil |
| Fuente del encabezamiento o término | LEMB |
| 650 07 - • PUNTO DE ACCESO ADICIONAL DE MATERIA - TÉRMINO DE MATERIA | |
| Término de materia o nombre geográfico como elemento inicial | Derechos Civiles |
| Subdivisión de materia general | Enseñanza |
| -- | Literatura infantil |
| Fuente del encabezamiento o término | LEMB |
| 700 ## - • PUNTO DE ACCESO ADICIONAL - NOMBRE DE PERSONA | |
| Nombre de persona | Allan, Nicholas, |
| Fechas asociadas al nombre | 1965- |
| Término indicativo de función | ill |
| 700 ## - • PUNTO DE ACCESO ADICIONAL - NOMBRE DE PERSONA | |
| Nombre de persona | Anholt, Catherine, |
| Fechas asociadas al nombre | 1958- |
| Término indicativo de función | ill |
| 700 ## - • PUNTO DE ACCESO ADICIONAL - NOMBRE DE PERSONA | |
| Nombre de persona | Anholt, Laurence, |
| Fechas asociadas al nombre | 1959- |
| Término indicativo de función | ill |
| 700 ## - • PUNTO DE ACCESO ADICIONAL - NOMBRE DE PERSONA | |
| Nombre de persona | Burningham, John, |
| Fechas asociadas al nombre | 1936-2019 |
| Término indicativo de función | ill |
| 700 ## - • PUNTO DE ACCESO ADICIONAL - NOMBRE DE PERSONA | |
| Nombre de persona | Dunbar, Polly, |
| Fechas asociadas al nombre | 1980- |
| Término indicativo de función | ill |
| 700 ## - • PUNTO DE ACCESO ADICIONAL - NOMBRE DE PERSONA | |
| Nombre de persona | Fitzpatrick, Marie-Louise, |
| Fechas asociadas al nombre | 1962- |
| Término indicativo de función | ill |
| 700 ## - • PUNTO DE ACCESO ADICIONAL - NOMBRE DE PERSONA | |
| Nombre de persona | Gay, Marie-Louise, |
| Fechas asociadas al nombre | 1952- |
| Término indicativo de función | ill |
| 700 ## - • PUNTO DE ACCESO ADICIONAL - NOMBRE DE PERSONA | |
| Nombre de persona | Gilchrist, Jan Spivey, |
| Fechas asociadas al nombre | 1949- |
| Término indicativo de función | ill |
| 700 ## - • PUNTO DE ACCESO ADICIONAL - NOMBRE DE PERSONA | |
| Nombre de persona | Gliori, Debi, |
| Fechas asociadas al nombre | 1959- |
| Término indicativo de función | ill |
| 700 ## - • PUNTO DE ACCESO ADICIONAL - NOMBRE DE PERSONA | |
| Nombre de persona | Granstrom, Brita, |
| Fechas asociadas al nombre | 1969- |
| Término indicativo de función | ill |
| 700 ## - • PUNTO DE ACCESO ADICIONAL - NOMBRE DE PERSONA | |
| Nombre de persona | Grobler, Piet, |
| Fechas asociadas al nombre | 1959- |
| Término indicativo de función | ill |
| 700 ## - • PUNTO DE ACCESO ADICIONAL - NOMBRE DE PERSONA | |
| Nombre de persona | Gusti, |
| Fechas asociadas al nombre | 1963- |
| Término indicativo de función | ill |
| 700 ## - • PUNTO DE ACCESO ADICIONAL - NOMBRE DE PERSONA | |
| Nombre de persona | Hein, Sybille, |
| Fechas asociadas al nombre | 1971- |
| Término indicativo de función | ill |
| 700 ## - • PUNTO DE ACCESO ADICIONAL - NOMBRE DE PERSONA | |
| Nombre de persona | Kitamura, Satoshi, |
| Fechas asociadas al nombre | 1956- |
| Término indicativo de función | ill |
| 700 ## - • PUNTO DE ACCESO ADICIONAL - NOMBRE DE PERSONA | |
| Nombre de persona | Könnecke, Ole, |
| Fechas asociadas al nombre | 1961- |
| Término indicativo de función | ill |
| 700 ## - • PUNTO DE ACCESO ADICIONAL - NOMBRE DE PERSONA | |
| Nombre de persona | Lassec, Frané, |
| Fechas asociadas al nombre | 1954- |
| Término indicativo de función | ill |
| 700 ## - • PUNTO DE ACCESO ADICIONAL - NOMBRE DE PERSONA | |
| Nombre de persona | Lee, Alan, |
| Fechas asociadas al nombre | 1947- |
| Término indicativo de función | ill |
| 700 ## - • PUNTO DE ACCESO ADICIONAL - NOMBRE DE PERSONA | |
| Nombre de persona | Morris, Jackie, |
| Fechas asociadas al nombre | 1961- |
| Término indicativo de función | ill |
| 700 ## - • PUNTO DE ACCESO ADICIONAL - NOMBRE DE PERSONA | |
| Nombre de persona | Ray, Jane, |
| Fechas asociadas al nombre | 1960- |
| Término indicativo de función | ill |
| 700 ## - • PUNTO DE ACCESO ADICIONAL - NOMBRE DE PERSONA | |
| Nombre de persona | Scheffler, Axel, |
| Fechas asociadas al nombre | 1957- |
| Término indicativo de función | ill |
| 700 ## - • PUNTO DE ACCESO ADICIONAL - NOMBRE DE PERSONA | |
| Nombre de persona | Souhami, Jessica |
| Término indicativo de función | ill |
| 700 ## - • PUNTO DE ACCESO ADICIONAL - NOMBRE DE PERSONA | |
| Nombre de persona | Sung-Dam, Hong, |
| Fechas asociadas al nombre | 1955- |
| Término indicativo de función | ill |
| 700 ## - • PUNTO DE ACCESO ADICIONAL - NOMBRE DE PERSONA | |
| Nombre de persona | Vilela, Fernando, |
| Fechas asociadas al nombre | 1973- |
| Término indicativo de función | ill |
| 700 ## - • PUNTO DE ACCESO ADICIONAL - NOMBRE DE PERSONA | |
| Nombre de persona | Williams, Marcia, |
| Fechas asociadas al nombre | 1945- |
| Término indicativo de función | ill |
| 700 1# - • PUNTO DE ACCESO ADICIONAL - NOMBRE DE PERSONA | |
| Nombre de persona | Daly, Niki, |
| Fechas asociadas al nombre | 1946- |
| Término indicativo de función | ill |
| 700 1# - • PUNTO DE ACCESO ADICIONAL - NOMBRE DE PERSONA | |
| Nombre de persona | Graham, Bob, |
| Fechas asociadas al nombre | 1942- |
| Término indicativo de función | ill |
| 700 1# - • PUNTO DE ACCESO ADICIONAL - NOMBRE DE PERSONA | |
| Nombre de persona | Paul, Korky, |
| Fechas asociadas al nombre | 1957- |
| Término indicativo de función | ill |
| 700 1# - • PUNTO DE ACCESO ADICIONAL - NOMBRE DE PERSONA | |
| Nombre de persona | Rapaport, Gilles, |
| Fechas asociadas al nombre | 1965- |
| Término indicativo de función | ill |
| 700 1# - • PUNTO DE ACCESO ADICIONAL - NOMBRE DE PERSONA | |
| Nombre de persona | Riddell, Chris, |
| Fechas asociadas al nombre | 1962- |
| Término indicativo de función | ill |
| 942 ## - ENTRADA DE ELEMENTOS AGREGADOS (KOHA) | |
| Fuente de clasificaión o esquema | Dewey Decimal Classification |
| Koha [por defecto] tipo de item | Libro Infantil |
| Perdido | Fuente de clasificación o esquema | Estado Físico | No para préstamo | Forma de adquisición | Localización permanente | Localización actual | Localización en estanterías | Fecha adquisición | Préstamos totales | Signatura completa | Código de barras | Fecha última consulta | Número de copia | Fecha del precio de reemplazo | Tipo de item de Koha |
|---|---|---|---|---|---|---|---|---|---|---|---|---|---|---|---|
| Dewey Decimal Classification | Infantil | Biblioteca Pública Medellin del Ariari - El Castillo | Biblioteca Pública Medellin del Ariari - El Castillo | Literatura | 08/28/2025 | R | MDA001461 | 08/28/2025 | Ej.1 | 08/28/2025 | Libro Infantil |